長寿祝い - Statistics

General Stats
  • This quiz has been taken 382 times
  • The average score is 11 of 16
Answer Stats
% Correct
米寿べいじゅ
90%
還暦かんれき
88%
白寿はくじゅ
87%
喜寿きじゅ
83%
60
76%
88
75%
70
74%
77
74%
90
74%
99
74%
100
73%
80
73%
傘寿さんじゅ
54%
卒寿そつじゅ
50%
百寿ひゃくじゅ
50%
古希こき
42%
No matching quizzes found
Score Distribution
Percent of People with Each Score
Percentile by Number Answered
Your Score History
You have not taken this quiz